Electricity And Magnetism/ (Record no. 193824)

MARC details
000 -LEADER
fixed length control field 00539nam a2200181 4500
005 - DATE AND TIME OF LATEST TRANSACTION
control field 20221117121442.0
010 ## - LCCN (DPL NO)
LC control number E.N.A./7.11.22
020 ## - INTERNATIONAL STANDARD BOOK NUMBER
International Standard Book Number 9789390186662
Terms of availability 555.00
037 ## - SOURCE OF ACQUISITION
Source of stock number/acquisition Pragati Prakashan
100 ## - MAIN ENTRY--PERSONAL NAME
Personal name Prakash, Satya
245 ## - TITLE STATEMENT
Title Electricity And Magnetism/
Remainder of title ( with Numerous Examples)
Statement of responsibility, etc Satya Prakash, Akash Saluja, Vijay Saluja
260 ## - PUBLICATION, DISTRIBUTION, ETC. (IMPRINT)
Place of publication, distribution, etc Meerut
Name of publisher, distributor, etc Pragati
Date of publication, distribution, etc 2021
270 ## - ADDRESS
Address 240,W.K.Road,
City Meerut
Postal code 250001
300 ## - PHYSICAL DESCRIPTION
Extent 788p
Dimensions 24cm(pbk)
700 ## - ADDED ENTRY--PERSONAL NAME
Personal name Saluja, Akash
700 ## - ADDED ENTRY--PERSONAL NAME
Personal name Saluja, vijay
942 ## - ADDED ENTRY ELEMENTS (KOHA)
Source of classification or shelving scheme Dewey Decimal Classification
Item type English Books
Call number suffix PRA

No items available.


© Delhi Public Library
Hit Counter
free hit counter